000 00385nam a22001217a 4500
082 _a200 THE
100 _aMuhammad Zeeshan Asaf
_934509
245 _aTH-SOF-1462-Leaf Recognition Using Deep Convolutional Neural Network
260 _aIslamabad
_bNUST College of EME
_c2017
650 _aMS-CSE-13 MSTHESIS
_969839
700 _aSupervisor Dr. Muhammad Usman Akram
_969721
942 _cCF
999 _c577397
_d577397